书目信息 |
| 书名: | Problems in general linguistics | |
| 作者: | Emile Benveniste ; translated by Mary Elizabeth Meek. | |
| 分册号: | ||
| 分册名: | 出版地: | Coral Gables, Fla. : |
|
| 出版社: | University of Miami Press | |
| 出版时间: | c1971. | |
| 页数: | viii, 317 p. ; | |
| 开本: | 24 cm. | |
| 丛书名: | ||
| 中图分类号: | ||
| 科图分类号: | ||
| 其他分类号: | H0 | |
| 主题词: | ||
| 电子资源: | ||
| 000 | 00970cam a2200337 a 4500 | |
| 001 | E0731330423 | |
| 003 | CAL | |
| 005 | 20070714084336.14 | |
| 008 | 711001s1971 flu b 00100 eng | |
| 010 | @a 77102692 //r842 | |
| 020 | @a087024132X. | |
| 040 | @aDLC@cDLC | |
| 041 | 1 | @aeng@afre |
| 050 | 0 | @aP121@b.B4413 1971 |
| 082 | @a410 | |
| 090 | @aH0 | |
| 093 | @aH0@24 | |
| 099 | @dH0@ex125 | |
| 100 | 1 | @aBenveniste, Emile,@d1902-1976 |
| 240 | 10 | @aProblmes de linguistique generale.@lEnglish |
| 245 | 10 | @aProblems in general linguistics / @cEmile Benveniste ; translated by Mary Elizabeth Meek. |
| 260 | @aCoral Gables, Fla. :@bUniversity of Miami Press,@cc1971. | |
| 300 | @aviii, 317 p. ;@c24 cm. | |
| 490 | 0 | @aMiami linguistics series ;@vno. 8 |
| 504 | @aIncludes bibliographical references. | |
| 546 | @aEnglish | |
| 650 | 0 | @aLanguage and languages |
| 920 | @a211010@z1 | |
| 920 | @a231010@z2 | |
| 920 | @a223140@z1 | |
| 998 | @aPUL | |
| Problems in general linguistics / / Emile Benveniste ; translated by Mary Elizabeth Meek.-Coral Gables, Fla. : : University of Miami Press, , c1971. |
| viii, 317 p. ; ; 24 cm.- (Miami linguistics series ; no. 8) |
| Includes bibliographical references.-English |
| ISBN 087024132X. |
| ● |
| 相关链接 |
|
|
|
|
正题名:Problems in general linguistics
索取号:H0/x125
 
预约/预借
| 序号 | 登录号 | 条形码 | 馆藏地/架位号 | 状态 | 备注 |
| 1 | 0013116 | 300131168 | 第二样本阅览室/ [索取号:H0/x125] | 在馆 |